000 00684nab a2200193 4500
001 244442
003 OSt
005 20240618081211.0
007 tu
008 200917s2020|||||||
040 _aDE-2950
_cDE-2950
245 0 0 _aFrost tilgt Ernte in Markendorf
_bLandwirtschaft. Tragödie für Obsterbauern bei Frankfurt: Der späte Kälteeinbruch hat verheerende Schäden hinterlassen. Die Suche nach Unterstützung läuft. Wie geht es weiter?/
_cBettina Winkler
264 _c2024
653 _aFrankfurt (Oder)
653 _aObstbauern
653 _aFrostschäden
773 0 _g35. Jahrgang (2024) Nr. 113 vom 16.05.2024, S. 13 mit Foto
_tMärkische Oderzeitung
942 _2z
_cA
999 _c373164
_d373164